Delhi: general report (Record no. 485577)

000 -LEADER
fixed length control field 00370cam a22001217a 4500
008 - FIXED-LENGTH DATA ELEMENTS--GENERAL INFORMATION
fixed length control field 180718b1980 xxu||||| |||| 00| 0 eng d
082 ## - DEWEY DECIMAL CLASSIFICATION NUMBER
Classification number A81x54 In2/71/27/Pt1B
100 ## - MAIN ENTRY--PERSONAL NAME
Personal name Census of India 1971
245 ## - TITLE STATEMENT
Title Delhi: general report
260 ## - PUBLICATION, DISTRIBUTION, ETC.
Place of publication, distribution, etc. Delhi
Name of publisher, distributor, etc. The Controller of Publications
Date of publication, distribution, etc. 1980
300 ## - PHYSICAL DESCRIPTION
Extent 179+p.
440 ## - SERIES STATEMENT/ADDED ENTRY--TITLE
Title Census of India 1971. Series 27, Delhi. Part I-B
Holdings
Withdrawn status Lost status Damaged status Not for loan Permanent Location Current Location Date acquired Full call number Barcode Date last seen Price effective from Koha item type
        Indian Institute of Public Administration Indian Institute of Public Administration 2018-08-04 A81x54 In2/71/27/Pt1B G15929 2018-08-04 2018-08-04 G

Powered by Koha